Old english houses: the record of a random itinerary
Đã lưu trong:
| Tác giả chính: | |
|---|---|
| Định dạng: | Sách |
| Ngôn ngữ: | Tiếng Anh |
| Được phát hành: |
Londres
Martin Secker
1900
|
| Những chủ đề: | |
| Các nhãn: |
Thêm thẻ
Không có thẻ, Là người đầu tiên thẻ bản ghi này!
|
MARC
| LEADER | 00000nam a2200000 a 4500 | ||
|---|---|---|---|
| 001 | UCO0184 | ||
| 003 | CL-VaPUC | ||
| 008 | 000420e19000000UK |||||||||||||||||eng|d | ||
| 082 | 0 | 4 | |a 728 |b FEA |2 21 |
| 100 | 0 | |a Fea, Allan |e author |9 441269 | |
| 245 | 1 | 0 | |a Old english houses: the record of a random itinerary |
| 300 | |a 272 p | ||
| 942 | |c BK | ||
| 945 | |d 20000420 00:00:00 |a crobeson | ||
| 260 | |a Londres |b Martin Secker |c 1900 | ||
| 500 | |a Contiene más de cien ilustraciones de fotografias del autor | ||
| 650 | 0 | |a Casas |9 348018 | |
| 650 | 0 | |a Viviendas |9 255326 | |
| 650 | 0 | |a Arquitectura inglesa |9 370670 | |
| 583 | |a last modification |c 20000420 00:00:00 |k Rodrigo Vera | ||
| 999 | |c 286900 |d 286898 | ||
| 952 | |0 0 |1 0 |4 0 |6 728_000000000000000_FEA_1900 |7 0 |8 X |9 333167 |a BIBHIS |b BIBHIS |d 2019-11-20 |i 1399306 |o 728 FEA 1900 |p 1399306 |r 2024-01-30 |w 2019-11-20 |y BK_X |k HIS | ||